000 01856nam0a2200337 4500
001 RU\NLR\bibl\5272
005 20260406045318.0
010 _a5-8051-0003-7
_91000
021 _aRU
_b98-5916
_9284
035 _a(NLR Aleph) 000005130
090 _a14194
_c14194
100 _a19980825d1997 |||y0rusy50 ca
101 1 _arus
_ceng
_geng
102 _aRU
105 _a|||||||||||||
200 1 _aOpel Kadett E, 1984-91
_eРуководство по ремонту и техн. обслуж.
_e[Учеб. пособие
_fИвор Кэррол и Грэм Корби
_gПер. с англ.Орлов Е.В.]
210 _aСПб.
_cПетерГранд
_d1997
215 _a236 с.
_cил.
_d29
300 _aНа обл.: Opel Kadett E 1,2/1, 3/1, 6/1, 8/2, 0/1, 6D: Уход. Ремонт. Обслуж.
606 0 _aАвтомобили "Опель Кадетт" Е
_jРуководства, пособия и т.п.
_xРемонт
_91992966
_3RU\NLR\auth\66915178
606 0 _aOpel "Kadett" E, легковые автомобили
_jРуководства, пособия и т.п.
_xРемонт
_92109172
_3RU\NLR\auth\661274847
606 0 _aАвтомобили "Опель Кадетт" Е
_jРуководства, пособия и т.п.
_xТехническое обслуживание
_92079806
_3RU\NLR\auth\661255703
606 0 _aOpel "Kadett" E, легковые автомобили
_jРуководства, пособия и т.п.
_xТехническое обслуживание
_92104913
_3RU\NLR\auth\661272624
686 _aО335.52-08я7"Opel"
700 1 _4070
_8rus
_7ca
_aКэррол
_bИ.
_gИвор
_3RU\NLR\auth\775023
_9114994
701 1 _4070
_8rus
_7ca
_aКорби
_bГ.
_gГрэм
_3RU\NLR\auth\775024
_9114995
801 0 _aRU
_bNLR
_c19980825
_gPSBO
801 1 _aRU
_bNLR
_c19980825
852 _aNLR
_j98-8/183
942 _cBOOK
980 _aNB